Diseño de puente sobre el rio Estelí
Este trabajo está dividido en dos partes: estudio de campo el cual contiene un estudio topográfico, hidráulicos y de cimentación. La segunda parte es un estudio de gabinete, el que contempla especificaciones generales para puentes, diseño de superestructuras, diseño de estribo 1 y 3 y diseño...
| Main Authors: | , |
|---|---|
| Other Authors: | |
| Format: | Tesis Section = Libro |
| Language: | Undetermined Spanish |
| Published: |
Managua
UNI
1995
|
| Subjects: |
| LEADER | 01087nam a2200229Ia 4500 | ||
|---|---|---|---|
| 008 | 240830s9999 xx 000 0 und d | ||
| 040 | |a BIBLIOTECA-RUPAP Mon 624.2 M538 | ||
| 041 | |a spa | ||
| 082 | |a Mon 624.2 M538 | ||
| 100 | 1 | |a Méndez Talavera, Douglas de Jesús | |
| 100 | 1 | |b Olivas Obregón, Adalberto | |
| 245 | 1 | 0 | |a Diseño de puente sobre el rio Estelí |
| 260 | |a Managua |b UNI |c 1995 | ||
| 300 | |a 92 p. :il. | ||
| 500 | |a Contiene: planos y tablas. | ||
| 502 | |a Tesis (Ingeniero Civil)- UNI, 1995. | ||
| 520 | 3 | |a Este trabajo está dividido en dos partes: estudio de campo el cual contiene un estudio topográfico, hidráulicos y de cimentación. La segunda parte es un estudio de gabinete, el que contempla especificaciones generales para puentes, diseño de superestructuras, diseño de estribo 1 y 3 y diseño de pila 2 con el fin de presentar toda la información necesaria para el diseño de puente sobre el Río Estelí. | |
| 650 | 7 | |a PUENTES - DISEÑO. | |
| 700 | 1 | |a Tutor: |b Alvarez Montenegro, Ernesto | |
| 942 | |c BK |2 ddc | ||
| 991 | |a TESIS | ||
| 999 | |c 15927 | ||